000 01009nam a2200289 a 4500
001 32251
003 BD-RjUL
005 20211209051816.0
008 140424s1957 enka b 001 0 eng d
035 _a(BD-RjUL)32340
040 _aDLC
_cDLC
_dDLC
_dBD-RjUL
_beng
041 0 _aengger
082 0 0 _a150.1954
_219
_bJUC V-1 1957
100 1 _aJung, C. G.
_q(Carl Gustav),
_d1875-1961.
_95179
245 1 4 _aThe collected works of C. G. Jung /
_ceditors, Herbert Read, Michael Fordham, Gerhard Adler.
_nVolume 1 :
_ppsychiatric studies / C. G. Jung; translated by R. F. C. Hull.
260 _aLondon :
_bRoutledge & Kehan Paul,
_c1957.
300 _axiii, 269 p. ;
_c24 cm.
504 _aIncludes bibliographical references and index.
650 0 _aPsychoanalysis.
_989962
700 1 _aRead, Herbert,
_d1893-1968.
_94403
700 1 _aFordham, Michael,
_d1905-
_989963
700 1 _aAdler, Gerhard,
_d1904-
_988947
942 _2ddc
_cBK
999 _c32251
_d32251